000 01425nam2a2200265 4500
001 RU\NLR\bibl\1399954
005 20250615203826.0
010 _a978-5-86185-424-5
_9100
021 _aRU
_b2009-44774
_92717
035 _a(NLR Aleph) 001391963
090 _a1167917
_c1167917
100 _a20090811d2009 |||y0rusy50 ca
101 0 _arus
102 _aRU
105 _ay |||||||||
200 0 _aЧ. 1
_f[редкол.: Н.Н. Забелина, И.А. Столыга (отв. редакторы) и др.]
210 _d2009
_aБ. м.
215 _a82 с.
320 _aБиблиогр. в конце отд. докл. и в подстроч. примеч.
461 0 _1001RU\NLR\bibl\1403436
_12001#$aОбразование в современном обществе: проблемы, решения, перспективы$vЧ. 1
_91188894
_cМурманск
_d2009
_fредкол.: Н. Н. Забелина, К. В. Шабалкина (отв. ред.) и др.]
_nИзд-во МГТУ
_oсборник материалов научно-практической конференции, 21 ноября 2008 года, г. Мурманск : [в 4 ч.
_tОбразование в современном обществе: проблемы, решения, перспективы
_y978-5-86185-423-8
_vЧ. 1
801 0 _aRU
_bNLR
_c20090811
_gRCR
801 1 _aRU
_bNLR
_c20090811
942 _cBOOK
980 _aNB